00704 2200253 4500001002100000005001700021008004100038020002000079035002400099040001200123082001600135084001900151090002000170100001100190245005600201250001000257260003900267300003100306500002900337650002300366700002700389850001200416990002200428INLIS00000000000768320170720153029.0  a978-979-3483-93 0010-071500000000366 aYOPDYOG042[23]a638.5 aPK 638.5 Sup B aDEP 638.5 Sup B0 aSUPUTA1 aBeternak Jangkrikc/ Suputa, Ahmad Taufiq Arminudin aCet.1 aYogyakartabCitra Aji Paramac2007 a44 hlm.b: ilus.c; 23 cm. aBibliografi : hlm. 43-44 4aJangkrikxBudidaya0 aAHMAD TAUFIQ ARMINUDIN aYOPDYOG aCB-D.11/2007-1585